000
00300nam a22001097a 4500
999
_c
13430
_d
13430
020
_a
96984470919
100
_a
Dr. Fahmida Hussain
245
_a
International Conference on Sindh
_b
Past, Present & Future
260
_a
Karachi
_b
Shah Abdul Latif Bhitai Chair
_c
2006
300
_a
264 pages
942
_c
BK